000 00447nam a22001817a 4500
999 _c160675
_d160675
003 dpl
005 20190207150722.0
008 190207b ||||| |||| 00| 0 eng d
020 _c0.00
035 _a355947
040 _aDPL
_bEN
_c0
082 _aN
100 _aHemingway,Ernest
245 _athe torrents of spring/
_cErnest hemingway
260 _aLondon
_b Jonathan Cap Ltd.
_c1964
300 _a156p:
_c16cm
942 _2ddc
_cEN
_hN
_mHEM